LEADER 01208nam a2200289 i 4500 001 000000107457 003 CaOOAMICUS 005 20190820094112.0 008 161024s1997 it u000 u ita u 013 $a79713 020 $a88-18-90003-X 040 $aSeMil$bita 100 1 $aVigna, Guido <1942->.$0(OLS)http://semarc/name/25287 245 10$aPasquale Saraceno :$bl'uomo che voleva unificare l'Italia /$cGuido Vigna ; prefazione di Angelo Caloia. 260 $aMilano :$bRusconi,$c1997. 300 $a187 p. ;$c22 cm. 490 0 $aCultura, etica e finanza 650 4$aSaraceno, Pasquale.$0(OLS)http://semarc/subject/12847 700 1 $aCaloia, Angelo,$d<1939- >.$0(OLS)http://semarc/name/25021 830 0$aCultura, etica e finanza.$0(OLS)http://semarc/title/14209 850 $aSeMil 852 $aSeMil$W1$xVenegono$y1$m3M III 236$j63553$B63553$CSeMilBibl$Z2$F214509 $81 961 $aOmaggio: Giudici Ecc. Giovanni 996 $6020$a88-18-90003-X$9(OLS)http://semarc/number/88472 996 $6245$aPasquale Saraceno :$bl'uomo che voleva unificare l'Italia$9(OLS)http://semarc/title/155985 996 $6260$aMilano :$bRusconi$9(OLS)http://semarc/publisher/30258 LEADER 00984nam a2200217 i 4500 001 000000145710 003 CaOOAMICUS 005 20080814000000.0 008 080814s1971 gw u000 u ger u 013 $a121102 040 $aSeMil$bita 100 1 $aTillich, Paul Johannes,$d<1886-1965>.$0(OLS)http://semarc/name/1471 245 10$aBegegnungen :$bPaul Tillich über sich selbst und andere /$cPaul Tillich. 260 $aStuttgart :$bEvangelisches Verlagswerk,$c1971. 300 $a407 p. ;$c22 cm. 773 0 $aTillich, Paul Johannes <1886-1965>$tGesammelte Werke.$dStuttgart : Evangelisches Verlagswerk, 1959-$g12$w()14932 850 $aSeMil 852 $aSeMil$W1$xVenegono$y1$m2P II 247$j98441$B98441$CSeMilBibl$Z2$F106681 $81 961 $aOmaggio: Facoltà Teologica di Milano 996 $6245$aBegegnungen :$bPaul Tillich über sich selbst und andere$9(OLS)http://semarc/title/213031 996 $6260$aStuttgart :$bEvangelisches Verlagswerk$9(OLS)http://semarc/publisher/34036